<?xml version="1.0" encoding="UTF-8"?><?xml-stylesheet type="text/xsl" href="static/style.xsl"?><OAI-PMH xmlns="http://www.openarchives.org/OAI/2.0/" xmlns:xsi="http://www.w3.org/2001/XMLSchema-instance" xsi:schemaLocation="http://www.openarchives.org/OAI/2.0/ http://www.openarchives.org/OAI/2.0/OAI-PMH.xsd"><responseDate>2026-04-13T07:06:06Z</responseDate><request verb="GetRecord" identifier="oai:www.recercat.cat:2445/118643" metadataPrefix="marc">https://recercat.cat/oai/request</request><GetRecord><record><header><identifier>oai:recercat.cat:2445/118643</identifier><datestamp>2025-12-05T00:20:45Z</datestamp><setSpec>com_2072_1057</setSpec><setSpec>col_2072_478917</setSpec><setSpec>col_2072_478931</setSpec></header><metadata><record xmlns="http://www.loc.gov/MARC21/slim" xmlns:dcterms="http://purl.org/dc/terms/" xmlns:xsi="http://www.w3.org/2001/XMLSchema-instance" xmlns:doc="http://www.lyncode.com/xoai" xsi:schemaLocation="http://www.loc.gov/MARC21/slim http://www.loc.gov/standards/marcxml/schema/MARC21slim.xsd">
   <leader>00925njm 22002777a 4500</leader>
   <datafield ind2=" " ind1=" " tag="042">
      <subfield code="a">dc</subfield>
   </datafield>
   <datafield ind2=" " ind1=" " tag="720">
      <subfield code="a">Di Martino, Salvatore</subfield>
      <subfield code="e">author</subfield>
   </datafield>
   <datafield ind2=" " ind1=" " tag="720">
      <subfield code="a">Eiroá Orosa, Francisco José</subfield>
      <subfield code="e">author</subfield>
   </datafield>
   <datafield ind2=" " ind1=" " tag="720">
      <subfield code="a">Arcidiacono, Caterina</subfield>
      <subfield code="e">author</subfield>
   </datafield>
   <datafield ind2=" " ind1=" " tag="260">
      <subfield code="c">2017-12-12T09:56:54Z</subfield>
   </datafield>
   <datafield ind2=" " ind1=" " tag="260">
      <subfield code="c">2019-06-01T05:10:14Z</subfield>
   </datafield>
   <datafield ind2=" " ind1=" " tag="260">
      <subfield code="c">2017</subfield>
   </datafield>
   <datafield ind2=" " ind1=" " tag="520">
      <subfield code="a">Cite as: Di Martino, S., Eiroa-Orosa, F. J., &amp; Arcidiacono, C. (2017). Community Psychology’s Contributions on&#xd;
Happiness and Well-being: Including the Role of Context, Social Justice, and Values in Our Understanding&#xd;
of the Good Life. In N. J. L. Brown, T. Lomas, &amp; F. J. Eiroa-Orosa (Eds.), The Routledge International&#xd;
Handbook of Critical Positive Psychology (pp. 99–118). London, UK: Routledge.</subfield>
   </datafield>
   <datafield ind2=" " ind1=" " tag="520">
      <subfield code="a">Francisco José Eiroa-Orosa has received funding from the European Union’s&#xd;
Framework Programme for Research and Innovation Horizon 2020 (2014–2020) under the&#xd;
Marie Sklodowska-Curie Grant Agreement No 654808.</subfield>
   </datafield>
   <datafield tag="653" ind2=" " ind1=" ">
      <subfield code="a">Psicologia positiva</subfield>
   </datafield>
   <datafield tag="653" ind2=" " ind1=" ">
      <subfield code="a">Felicitat</subfield>
   </datafield>
   <datafield tag="653" ind2=" " ind1=" ">
      <subfield code="a">Positive psychology</subfield>
   </datafield>
   <datafield tag="653" ind2=" " ind1=" ">
      <subfield code="a">Happiness</subfield>
   </datafield>
   <datafield ind2="0" ind1="0" tag="245">
      <subfield code="a">Community Psychology’s Contributions on Happiness and Well-being: Including the Role of Context, Social Justice, and Values in Our Understanding of the Good Life.</subfield>
   </datafield>
</record></metadata></record></GetRecord></OAI-PMH>